Obálka
Pro půjčování e-knih musíte být přihlášeni.
Jak si půjčit online?

Miroslav Florian - Portrét básníka /

Původní LP album 1118 2795 "Miroslav Florian - Portrét básníka" vydal Supraphon v roce 1981. Titul vychází poprvé digitálně. Miroslav Florian (*10. 5. 1931 - † 10. 5. 1996) byl představitel oficiální poezie, patřil k vlně poezie všedního dne. Byl rovněž překladatelem vybraných básnických d...

Celý popis

Uloženo v:
Hlavní autor: Florian, Miroslav (Autor)
Další autoři: Boušková, Jana (Autor), Švorcová, Jiřina (Vypravěč-komentátor), Strejček, Alfred (Vypravěč-komentátor), Zounar, Miroslav (Vypravěč-komentátor)
Médium: E-audiokniha
Vydáno: Praha : Supraphon a.s., 2026
Tagy:
Žádné tagy
LEADER 04164nim a22007457i 4500
001 302480
007 sr nunnnnnnned
024 |a 099925449209 
044 |a xr 
100 1 |a  Florian, Miroslav  |4 aut 
245 1 0 |a Miroslav Florian - Portrét básníka /  |c  Florian, Miroslav 
264 1 |a Praha :  |b Supraphon a.s.,  |c 2026 
300 |a 1 online zdroj (44 min., 38 sek.) 
336 |a mluvené slovo  |b spw  |2 rdacontent 
337 |a audio  |b s  |2 rdamedia 
338 |a online zdroj  |b cr  |2 rdacarrier 
505 0 0 |t Kdybych měl tolik životů (1 min., 21 sek.) 
505 0 0 |t Litanie k jižní Moravě (3 min., 31 sek.) 
505 0 0 |t Kardiogram (1 min., 23 sek.) 
505 0 0 |t On (1 min., 14 sek.) 
505 0 0 |t Tlačenice (1 min., 5 sek.) 
505 0 0 |t Verš (2 min., 7 sek.) 
505 0 0 |t Beze slov (0 min., 45 sek.) 
505 0 0 |t Smluvená znamení (0 min., 49 sek.) 
505 0 0 |t Pánská jízda (1 min., 7 sek.) 
505 0 0 |t Píseň o semaforech (1 min., 9 sek.) 
505 0 0 |t Podzimní alej (1 min., 9 sek.) 
505 0 0 |t Přízemní mráz (0 min., 46 sek.) 
505 0 0 |t Verše položené na hrob (0 min., 45 sek.) 
505 0 0 |t Kdekoli pohladím zemi (1 min., 6 sek.) 
505 0 0 |t Dálky (1 min., 11 sek.) 
505 0 0 |t Naši (0 min., 54 sek.) 
505 0 0 |t Maminkám kosmonautů (1 min., 4 sek.) 
505 0 0 |t Matka mluví (1 min., 41 sek.) 
505 0 0 |t Hvězdnatá noc (0 min., 27 sek.) 
505 0 0 |t Březnové vigilie (1 min., 1 sek.) 
505 0 0 |t Dejte mi... (0 min., 57 sek.) 
505 0 0 |t To nic (0 min., 30 sek.) 
505 0 0 |t Píseň deště (0 min., 36 sek.) 
505 0 0 |t Píseň (0 min., 48 sek.) 
505 0 0 |t Instruktáž kamelotů (1 min., 0 sek.) 
505 0 0 |t Slovanský ostrov pozdě večer (0 min., 32 sek.) 
505 0 0 |t Nejdeš mi z hlavy (0 min., 42 sek.) 
505 0 0 |t Dva (1 min., 5 sek.) 
505 0 0 |t Estela (2 min., 1 sek.) 
505 0 0 |t Z pražské zimy (0 min., 46 sek.) 
505 0 0 |t Úklady (0 min., 38 sek.) 
505 0 0 |t Dancing 'Na sklíčkách' (1 min., 9 sek.) 
505 0 0 |t Ona (1 min., 31 sek.) 
505 0 0 |t Dívce u protějšího stolu (0 min., 50 sek.) 
505 0 0 |t Možná (0 min., 32 sek.) 
505 0 0 |t Sladký život (0 min., 57 sek.) 
505 0 0 |t Rafije věžních hodin (1 min., 13 sek.) 
505 0 0 |t Salvy (1 min., 11 sek.) 
505 0 0 |t Dithyramb (0 min., 54 sek.) 
505 0 0 |t Báseň o křídlech (2 min., 30 sek.) 
520 2 |a Původní LP album 1118 2795 "Miroslav Florian - Portrét básníka" vydal Supraphon v roce 1981. Titul vychází poprvé digitálně. Miroslav Florian (*10. 5. 1931 - † 10. 5. 1996) byl představitel oficiální poezie, patřil k vlně poezie všedního dne. Byl rovněž překladatelem vybraných básnických děl. Narodil se v Kutné Hoře. Po maturitě na gymnáziu v Kutné Hoře v roce 1950 vystudoval knihovnictví na Filozofické fakultě Univerzity Karlovy. Po vojenské službě v Mikulově, kterou absolvoval v letech 1952-54 žil v Praze. V letech 1955 - 58 působil jako redaktor Československého rozhlasu. Téměř dvacet let pracoval v nakladatelství Československý spisovatel, kde působil až do roku 1977. Zastával vysoké kulturní a politické funkce. V letech 1976 - 81 byl poslancem České národní rady. Miroslav Florian byl v roce 1975 jmenován zasloužilým umělcem, v roce 1982 národním umělcem. Byl nositelem Státní ceny Klementa Gottwalda od roku 1973 a Národní ceny ČSR z roku 1985. Byl dlouholetý člen výboru Svazu československých spisovatelů. Po roce 1989 se Miroslav Florian dostal do ústraní, neboť polemizoval s polistopadovým vývojem. 
700 1 |a  Boušková, Jana  |4 nrt 
700 1 |a  Švorcová, Jiřina  |4 nrt 
700 1 |a  Strejček, Alfred  |4 nrt 
700 1 |a  Zounar, Miroslav  |4 nrt 
910 |a RBIT002 
998 |d 427020  |a https://core.palmknihy.cz/api/books/427020/cover?tesufr  |b https://core.palmknihy.cz/api/books/427020/cover/400?tesufr  |c https://core.palmknihy.cz/api/books/427020/cover/50?tesufr  |e 2026-05-23  |i 099925449209  |l 2678  |q 49  |r 1  |s https://www.palmknihy.cz/kniha/427020  |t audiobook  |y 2026  |z 1 
999 |d 302478